000 00199 a2200085 4500
020 _a9789355325310
100 _aK. ASWATHAPPA
245 _aINTERNATIONAL HUMAN RESOURCE MANAGEMENT
260 _bMCGRAW-HILL
999 _c13067
_d13067